000 00593nam a2200217Ia 4500
008 101110s9999 xx 000 0 und d
041 _aENGLISH
082 _bJR6330
100 _aMaharashtra state board of secondary & higher sec.education, Pune
245 _aMathenatics & statistics XII Part - I
260 _c2010
300 _a246
365 _b92
520 _amathematics
546 _aENGLISH
630 _aMathenatics & statistics XII Part - I
650 _amathematics
655 _amathematics
730 _aMathenatics & statistics XII Part - I
942 _cBOOK
999 _c797123
_d797120